Yes or No: Cities that Hosted the Summer Olympics - Statistics

General Stats
  • This quiz has been taken 316 times
    294 since last reset
  • The average score is 17 of 20
Answer Stats
Question Answer % Correct
Paris Yes
98%
London Yes
98%
Tokyo Yes
93%
Beijing Yes
91%
Athens Yes
91%
Naples No
88%
Copenhagen No
86%
Rome Yes
86%
Sydney Yes
86%
Sao Paulo No
84%
Warsaw No
84%
Cairo No
84%
Rio de Janeiro Yes
84%
New York No
81%
Montreal Yes
81%
Berlin Yes
81%
Brussels No
77%
Madrid No
74%
Sochi No
65%
Helsinki Yes
56%
No matching quizzes found
Score Distribution
Percent of People with Each Score
Percentile by Number Answered
Your Score History
You have not taken this quiz since the last reset